Paul Pleureur - Cielbleu - Statistiques

Statistiques générales
  • Ce quiz a été pris 7 fois
  • Le résultat moyen est 271 sur 455
Statistiques - réponses
Réponse % Correct
a
100%
à
100%
de
100%
En
100%
en
100%
je
100%
j'suis
100%
la
100%
le
100%
les
100%
ma
100%
m'a
100%
meurt
100%
moi
100%
Paul
100%
pleureur
100%
Pleureur
100%
que
100%
qui
100%
saule
100%
se
100%
ses
100%
si
100%
son
100%
su
100%
un
100%
bien
67%
body
67%
branches
67%
ça
67%
chérie
67%
coeur
67%
comme
67%
dans
67%
debout
67%
dentelle
67%
des
67%
dirai
67%
d'la
67%
du
67%
d'un
67%
d'vie
67%
éclats
67%
encore
67%
et
67%
fous
67%
il
67%
ils
67%
immense
67%
j'ai
67%
j'lui
67%
j'm'appelle
67%
j'me
67%
j'men
67%
laisse
67%
l'coeur
67%
mais
67%
mes
67%
meurent
67%
mots
67%
n'est
67%
ok,
67%
on
67%
ongles
67%
pas
67%
peu
67%
pour
67%
pourtant
67%
rap
67%
sauf
67%
seul
67%
suis
67%
summer
67%
super
67%
supercheries
67%
sur
67%
surtout
67%
tord
67%
tours
67%
tout
67%
veut
67%
ah
33%
albums
33%
assis
33%
au
33%
avant
33%
avec
33%
bar
33%
beau
33%
beaux
33%
blablate
33%
bre-cham
33%
c'est
33%
clope
33%
c'moment
33%
comment
33%
contredire
33%
cordes
33%
courbé
33%
c'qu'il
33%
dansent
33%
d'braguette
33%
d'coller
33%
d'con
33%
désordre
33%
deux
33%
devinette
33%
dire
33%
dis
33%
discours
33%
dit
33%
dix
33%
d'leur
33%
dos
33%
d'potes
33%
d'ses
33%
écrit
33%
elle
33%
elles
33%
entre
33%
être
33%
evidemment
33%
faire
33%
fait
33%
famé
33%
faux
33%
feinte
33%
femme
33%
fermée
33%
foiré
33%
force
33%
future
33%
gamin
33%
gars
33%
gens
33%
histoires
33%
hordes
33%
j'aimais
33%
j'aime
33%
j'aurais
33%
j'crois
33%
j'dois
33%
j'écris
33%
j'les
33%
j'leur
33%
j'marche
33%
jolis
33%
j'pensais
33%
j'pleure
33%
j's'rai
33%
j'vienne
33%
j'vois
33%
j'voulais
33%
l'écrire
33%
leur
33%
l'genre
33%
lier
33%
l'mensonge
33%
l'temps
33%
m'aiment
33%
mal
33%
marche
33%
mathieu
33%
m'connaissent
33%
m'demande
33%
m'évitent
33%
mieux
33%
monde
33%
mosaïques
33%
mou
33%
m'raconte
33%
n'trouve
33%
okay
33%
ouais
33%
parce
33%
parfois
33%
parlera
33%
parti
33%
patte
33%
peine
33%
pensées
33%
personne
33%
petite
33%
pieds
33%
pinte
33%
plantes
33%
pleut
33%
plus
33%
posé
33%
pourquoi
33%
pouvoir
33%
prods
33%
promis
33%
quand
33%
quartier
33%
quelqu'un
33%
qu'est
33%
quinte
33%
qu'j'fais
33%
qu'les
33%
quoi
33%
qu'on
33%
qu'ont
33%
ramasse
33%
réflechir
33%
r'gard
33%
rire
33%
ruelle
33%
s'assemblent
33%
sauver
33%
s'éclate
33%
sens
33%
s'goure
33%
sinon
33%
soirées
33%
sol
33%
sont
33%
stre-mon
33%
t'aime
33%
tellement
33%
thunes
33%
touche
33%
toux
33%
triste
33%
trop
33%
trouvé
33%
truc
33%
Ulysse
33%
une
33%
utilise
33%
veulent
33%
vieux
33%
ville
33%
y'en
33%
khabat
0%
m'hypnothise
0%
plafond
0%
sapé
0%
Aucun quiz correspondant
Distribution des résultats
% des personnes avec chaque résultat
Percentile par nombre de réponses
Votre historique - résultats
Vous n’avez pas pris ce quiz